000 00278nam a2200109 4500
999 _c13432
_d13432
008 250523b ||||| |||| 00| 0 eng d
082 _a720.8
245 _a101 award winning projects alumni SPA-Delhi -Vol-2
260 _a2021
_bCopal publishing
300 _a178p;
942 _2ddc